000 00672nam a2200205Ia 4500
003 GCL
008 140319s9999 xx 000 0 ara d
040 _aGCL /
_cGCL
082 0 4 _aد
_b050
100 1 _aمكرم محمد احمد
245 1 0 _aالحرف التقليدية و الماثورات الشعبية /
_cمكرم محمد احمد
250 _aالاولى
260 _aالقاهرة :
_bمؤسسة دار الهلال ،
_c2004
650 0 4 _aالعرب
650 0 4 _aالشباب
650 0 4 _aالعرب فى الولايات المتحدة الامريكية
650 0 4 _aالعولمة
650 0 4 _aعلاء الاسوانى
942 _2ddc
_cCR
999 _c7111
_d7111